Chanteurs - de A à Z. - Statistiques

Statistiques générales
  • Ce quiz a été pris 287 fois
  • Le résultat moyen est 17 sur 26
Statistiques - réponses
Par images Hint Réponse % Correct
A Adele
98%
B Beyoncé
93%
C Céline Dion
93%
E Ed Sheeran
93%
R Rihanna
91%
J Justin Bieber
90%
K Katy Perry
88%
S Shakira
88%
T Taylor Swift
87%
D Drake
85%
H Harry Styles
80%
L Lady Gaga
80%
(The) W The Weeknd
76%
N Nicki Minaj
74%
V Vanessa Paradis
72%
M Madonna
71%
O Olivia Rodrigo
59%
U Usher
56%
P Post Malone
38%
Z Zayn Malik
29%
F Fergie
28%
G Gwen Stefani
24%
I Iggy Azalea
23%
Q Quavo
18%
Y Yungblud
12%
X Xzibit
11%
Aucun quiz correspondant
Distribution des résultats
% des personnes avec chaque résultat
Percentile par nombre de réponses
Votre historique - résultats
Vous n’avez pas pris ce quiz